| 000 | 01205nam a2200217Ia 4500 | ||
|---|---|---|---|
| 003 | Ost | ||
| 005 | 20260507074947.0 | ||
| 008 | 260507s9999||||xx |||||||||||||| ||und|| | ||
| 040 | _cfsecg | ||
| 041 | _aara | ||
| 082 | _a658.8 | ||
| 100 |
_aالعلاق، بشير _eمؤلف |
||
| 245 | 0 |
_aإدارة التسويق / _c بشير العلاق |
|
| 260 |
_aعمان: _bدار زهران للنشر والتوزيع, _c2006 |
||
| 300 |
_a404 صفحة؛ _bإيضاحات ؛ _c25 سم |
||
| 504 | _aببليوغرافيا:ص.401-404 | ||
| 520 | _aإدارة النشاط التسوقي،عملية إدارة التسويق،تخطيط النشاط التسويقي،تنظيم النشاط التسويقي،تنسيق النشاط التسويقي ،توجيه النشاط التسويقي ،الرقابة على النشاط التسويقي ،استراتيجيات المزيج التسويقي،اتخاذ القرارات التسويقية ،القياس والتنبؤ بالطلب،نظم المعلومات وبحوث التسويق، التسويق الدولي | ||
| 653 | _aإدارة التسويق | ||
| 700 |
_aقحطان، العبدلي _eمؤلف ثانوي |
||
| 942 | _cكتاب | ||
| 999 |
_c41968 _d41968 |
||